[Event "Esfahan Zenderood op 3rd"]
[Site "Esfahan"]
[Date "2011.09.04"]
[Round "4"]
[White "Saba, Earaj"]
[Black "Ahmadinia, Ebrahim"]
[Result "1/2-1/2"]
[WhiteElo "2012"]
[BlackElo "2430"]
[PlyCount "109"]
[EventDate "2011.09.02"]
[EventType "swiss"]
[EventRounds "9"]
[EventCountry "IRI"]
[SourceTitle "CBM 144 Extra"]
[Source "ChessBase"]
[SourceDate "2011.10.28"]
[SourceVersion "1"]
[SourceVersionDate "2011.10.28"]
[SourceQuality "1"]

1. Nf3 g6 2. d4 Bg7 3. c4 d6 4. Nc3 Nf6 5. g3 0-0 6. Bg2 Nbd7 7. 0-0 e5 8. e3 exd4 9. Nxd4 Re8 10. b3 Nc5 11. Bb2 a5 12. Qc2 c6 13. Rad1 Qb6 14. Ba3 Bg4 15. Rd2 Rad8 16. h3 Bc8 17. Rfd1 h5 18. Kh2 Qc7 19. Kg1 Bf8 20. Bb2 Bg7 21. Ba3 Qb6 22. e4 Nh7 23. Kh1 Bf8 24. f4 Qc7 25. Nf3 b6 26. Nd4 Bd7 27. Rf1 Bg7 28. Bb2 Nf8 29. Qd1 Qc8 30. Kh2 Nb7 31. Re1 Re7 32. Qf3 Ne6 33. Na4 Nxd4 34. Bxd4 Bxd4 35. Rxd4 Qc7 36. Red1 Rde8 37. Nc3 Bc8 38. Qf2 Re6 39. Qd2 Kg7 40. Kh1 Rf6 41. Rd3 Rfe6 42. Rd4 R6e7 43. Rf1 f5 44. exf5 Bxf5 45. Rd1 Re3 46. Kh2 R8e6 47. Ne4 R3xe4 48. Rxe4 Bxe4 49. Qd4+ Kg8 50. Bxe4 Nc5 51. Bf3 Kh7 52. Rd2 Qc8 53. Re2 Rxe2+ 54. Bxe2 Qd7 55. Bf3 1/2-1/2

[Event "Fajr op 14th"]
[Site "Tehran"]
[Date "2006.01.25"]
[Round "2"]
[White "Hamad, Ahmad"]
[Black "Saba, Earaj"]
[Result "0-1"]
[WhiteElo "2298"]
[BlackElo "2096"]
[PlyCount "74"]
[EventDate "2006.01.24"]
[EventType "swiss"]
[EventRounds "9"]
[EventCountry "IRI"]
[SourceTitle "CBM 110 Extra"]
[Source "ChessBase"]
[SourceDate "2006.03.10"]
[SourceVersion "2"]
[SourceVersionDate "2006.03.10"]
[SourceQuality "1"]

1. e3 d5 2. c4 e6 3. Nc3 Nf6 4. d4 c5 5. Nf3 Nc6 6. cxd5 exd5 7. Bb5 a6 8. Bxc6+ bxc6 9. dxc5 Bxc5 10. Nd4 Bd7 11. 0-0 0-0 12. b3 Bd6 13. g3 Qe7 14. Bb2 c5 15. Nde2 Bc6 16. Qc2 Rfd8 17. Rfd1 Qe6 18. Rac1 Qh3 19. f3 d4 20. Ne4 Bxe4 21. fxe4 Ng4 22. Nf4 Bxf4 23. exf4 Ne3 24. Qe2 Nxd1 25. Rxd1 Qe6 26. Qd3 h5 27. Rc1 Rac8 28. Ba3 Re8 29. e5 Qd5 30. Qc4 Qf3 31. Bxc5 h4 32. Rf1 Qe3+ 33. Kg2 Qe4+ 34. Kh3 hxg3 35. hxg3 Re6 36. Rg1 Rh6+ 37. Kg4 Rcc6 0-1

[Event "Fajr op 12th"]
[Site "Esfahan"]
[Date "2004.02.08"]
[Round "2"]
[White "Moradiabadi, Elshan"]
[Black "Saba, Earaj"]
[Result "1/2-1/2"]
[WhiteElo "2383"]
[BlackElo "2127"]
[PlyCount "82"]
[EventDate "2004.02.07"]
[EventType "swiss"]
[EventRounds "9"]
[EventCountry "IRI"]
[SourceTitle "EXT 2005"]
[Source "ChessBase"]
[SourceDate "2004.11.15"]
[SourceVersion "1"]
[SourceVersionDate "2004.11.15"]
[SourceQuality "1"]

1. c4 Nf6 2. Nc3 b6 3. e4 Bb7 4. e5 Ne4 5. Qf3 Nxc3 6. Qxc3 c5 7. Nf3 Nc6 8. Be2 d5 9. d3 d4 10. Qc2 Qc7 11. Bf4 g6 12. Bg3 Qd7 13. 0-0 Bg7 14. Rae1 0-0 15. a3 f5 16. Qd2 Nd8 17. Bf4 Ne6 18. h4 Nxf4 19. Qxf4 h6 20. Nd2 e6 21. Bf3 a5 22. Re2 Rf7 23. Bxb7 Qxb7 24. Nf3 Qc6 25. Rc1 Bf8 26. Nd2 Raa7 27. Qg3 g5 28. f4 g4 29. Qf2 Be7 30. g3 h5 31. Qg2 Qxg2+ 32. Kxg2 Rf8 33. Kf2 Rfa8 34. b3 Kf7 35. Ke1 Ke8 36. Kd1 Kd7 37. Nb1 Bf8 38. Rb2 Kc6 39. Rcc2 Be7 40. a4 Rd7 41. Na3 Rad8 1/2-1/2